[Event "NAYCC U18"]
[Site "Windsor CAN"]
[Date "2016.08.11"]
[Round "9.7"]
[White "Zhu, Hong Rui"]
[Black "Karamsetty, Jeevan"]
[Result "1-0"]
[WhiteElo "2232"]
[BlackElo "2091"]
[PlyCount "121"]
[EventDate "2016.08.07"]
[EventType "swiss"]
[EventRounds "9"]
[EventCountry "CAN"]

1. e4 e5 2. Nf3 Nc6 3. d4 exd4 4. Bc4 Nf6 5. e5 d5 6. Bb5 Ne4 7. Nxd4 Bd7 8.
Bxc6 bxc6 9. O-O Bc5 10. Be3 Qe7 11. f3 Ng5 12. f4 Ne4 13. Nd2 f5 14. a3 O-O
15. b4 Bb6 16. Nxe4 fxe4 17. c4 Bxd4 18. Bxd4 Qh4 19. g3 Qh3 20. cxd5 Rfd8 21.
Qb3 cxd5 22. Qxd5+ Qe6 23. Qxe6+ Bxe6 24. Rfd1 a5 25. Bc5 axb4 26. Bxb4 Bd5 27.
Kf2 c6 28. Ke3 Ra4 29. Rac1 Rb8 30. Rc3 g6 31. g4 Kf7 32. Rf1 Ke6 33. Kd4 Rf8
34. Rg3 Rf7 35. Kc5 Ra8 36. Kd4 Ra4 37. Rf2 h6 38. Rf1 Rf8 39. Kc5 Rb8 40. f5+
Kf7 41. Kd6 Rd8+ 42. Kc5 Rb8 43. Kd4 Rd8 44. Rc3 Re8 45. Rf2 Rg8 46. Rh3 Rh8
47. Kc5 Rh7 48. Kd6 Ra8 49. e6+ Kf6 50. Bc3+ Kg5 51. Bd2+ Kxg4 52. Rg3+ Kh5 53.
Rh3+ Kg4 54. Rg3+ Kh5 55. fxg6 Rd8+ 56. Ke5 Re7 57. Rf5+ Kh4 58. Rf4+ Kh5 59.
Rh3+ Kg5 60. Rfh4+ Kxg6 61. Rg3+ 1-0

[Event "NAYCC U18"]
[Site "Windsor CAN"]
[Date "2016.08.11"]
[Round "9.8"]
[White "Zheng, Andrew"]
[Black "Wang, Justin"]
[Result "1/2-1/2"]
[WhiteElo "2083"]
[BlackElo "2177"]
[PlyCount "106"]
[EventDate "2016.08.07"]
[EventType "swiss"]
[EventRounds "9"]
[EventCountry "CAN"]

1. e4 e5 2. Nf3 Nc6 3. Bb5 f5 4. Nc3 fxe4 5. Nxe4 Nf6 6. Nxf6+ Qxf6 7. Qe2 Be7
8. Bxc6 bxc6 9. Nxe5 Qe6 10. d4 O-O 11. Qc4 Qxc4 12. Nxc4 Bf6 13. c3 Re8+ 14.
Ne3 d6 15. O-O Be6 16. Bd2 a5 17. f4 a4 18. a3 Rab8 19. Bc1 Bf7 20. g4 h6 21.
Kg2 Bg6 22. Kg3 Bd3 23. Rf2 g6 24. Ng2 Be4 25. Ne1 Bg7 26. Re2 Bd5 27. Rxe8+
Rxe8 28. Kf2 Bf6 29. Be3 Rb8 30. Nd3 Rb3 31. Rd1 Bc4 32. Bc1 Bh4+ 33. Kg2 Be6
34. Kh3 Bf6 35. Nf2 h5 36. Kg3 hxg4 37. Nxg4 Bg7 38. Kh4 Kf7 39. Kg3 Rb5 40.
Re1 c5 41. dxc5 Rxc5 42. Re4 Bb3 43. Be3 Rb5 44. Rb4 Rxb4 45. axb4 a3 46. bxa3
Bxc3 47. Bc1 Ke6 48. Nf2 Bc2 49. Kf3 Kd5 50. Ke2 Kc4 51. Nd1 Bxd1+ 52. Kxd1 Kd3
53. b5 d5 1/2-1/2

[Event "NAYCC U18"]
[Site "Windsor CAN"]
[Date "2016.08.11"]
[Round "9.9"]
[White "Proleiko, Julian"]
[Black "Peng, David"]
[Result "1/2-1/2"]
[WhiteElo "2114"]
[BlackElo "2283"]
[PlyCount "87"]
[EventDate "2016.08.07"]
[EventType "swiss"]
[EventRounds "9"]
[EventCountry "CAN"]

1. d4 Nf6 2. c4 e6 3. Nf3 b6 4. g3 Ba6 5. Qc2 Bb4+ 6. Nbd2 O-O 7. Bg2 d5 8. O-O
c6 9. b3 Bb7 10. a3 Be7 11. e4 Nbd7 12. Bb2 Rc8 13. Rac1 c5 14. exd5 exd5 15.
dxc5 Bxc5 16. b4 Be7 17. Nd4 Qc7 18. Qa4 dxc4 19. Qxa7 Bd5 20. Qxc7 Rxc7 21.
Bxd5 Nxd5 22. Rxc4 Rxc4 23. Nxc4 Rc8 24. Nd2 Ne5 25. Nf5 Bf6 26. Bxe5 Bxe5 27.
Nf3 Bb2 28. a4 g6 29. Rd1 Rc1 30. Rxc1 Bxc1 31. Nd6 Ba3 32. Ne5 Bxb4 33. Ndc4
Bc5 34. Nd7 Bd4 35. Kf1 f6 36. Ke2 Kf7 37. Kd3 Bxf2 38. Ke4 Ke7 39. Kxd5 Kxd7
40. g4 Bg1 41. h3 Bf2 42. Nb2 Bg3 43. Nc4 Bc7 44. Ne3 1/2-1/2

[Event "NAYCC U18"]
[Site "Windsor CAN"]
[Date "2016.08.11"]
[Round "9.10"]
[White "Li, Ben"]
[Black "Wahl, Jackson"]
[Result "1/2-1/2"]
[WhiteElo "2319"]
[BlackElo "1882"]
[PlyCount "70"]
[EventDate "2016.08.07"]
[EventType "swiss"]
[EventRounds "9"]
[EventCountry "CAN"]

1. d4 d5 2. c4 e6 3. Nf3 Nf6 4. e3 Be7 5. b3 O-O 6. Bb2 Nbd7 7. Bd3 b6 8. Nc3
Bb7 9. O-O c5 10. Qe2 dxc4 11. bxc4 Rc8 12. Rad1 Qc7 13. Ne5 cxd4 14. exd4 Nxe5
15. dxe5 Nd7 16. Nb5 Qc6 17. f3 a6 18. Nd6 Bxd6 19. exd6 Rcd8 20. Bc2 Rfe8 21.
Rfe1 Nf8 22. Kh1 f6 23. Ba3 Rc8 24. d7 Nxd7 25. Rd6 Qc7 26. Ba4 Nc5 27. Bxc5
Qxc5 28. Rxe6 Rxe6 29. Qxe6+ Kh8 30. Qf7 Bc6 31. Bxc6 Qxc6 32. Re7 Rg8 33. h4
h6 34. Rb7 Qd6 35. Qg6 Qd4 1/2-1/2

[Event "NAYCC U18"]
[Site "Windsor CAN"]
[Date "2016.08.11"]
[Round "9.11"]
[White "Shi, Diwen"]
[Black "Han, Joseph"]
[Result "0-1"]
[WhiteElo "2209"]
[BlackElo "2172"]
[PlyCount "100"]
[EventDate "2016.08.07"]
[EventType "swiss"]
[EventRounds "9"]
[EventCountry "CAN"]

1. e4 e5 2. Nf3 Nc6 3. Nc3 Nf6 4. Bb5 Bb4 5. O-O O-O 6. d3 Bxc3 7. bxc3 d6 8.
Re1 Bd7 9. d4 Re8 10. Bd3 h6 11. h3 Qe7 12. Ba3 g5 13. Bb5 Qd8 14. Bb2 a6 15.
Bc4 Nh7 16. Nh2 Qf6 17. Qh5 Kg7 18. Nf1 Qg6 19. Qf3 Nf6 20. Ng3 g4 21. hxg4
Bxg4 22. Qe3 h5 23. f4 h4 24. f5 Qh6 25. Nh1 exd4 26. cxd4 Qxe3+ 27. Rxe3 Rxe4
28. Rxe4 Nxe4 29. Re1 Bxf5 30. Bd3 d5 31. c4 Re8 32. Nf2 Nxf2 33. Rxe8 Nxd3 34.
cxd5 Ncb4 35. Bc3 Nxd5 36. Be1 Nxe1 37. Rxe1 Be6 38. Re5 Kf6 39. Rh5 Nc3 40. a3
Ne2+ 41. Kf2 Nxd4 42. Rxh4 c5 43. g4 b5 44. Rh6+ Ke5 45. Rh5+ Kd6 46. g5 a5 47.
Rh1 b4 48. axb4 axb4 49. Ke3 Kd5 50. Kd3 Bf5+ 0-1

[Event "NAYCC U18"]
[Site "Windsor CAN"]
[Date "2016.08.11"]
[Round "9.12"]
[White "Guo, Arthur"]
[Black "Graif, William"]
[Result "0-1"]
[WhiteElo "2155"]
[BlackElo "2095"]
[PlyCount "108"]
[EventDate "2016.08.07"]
[EventType "swiss"]
[EventRounds "9"]
[EventCountry "CAN"]

1. e4 c5 2. Ne2 Nc6 3. d4 cxd4 4. Nxd4 g6 5. Nc3 Bg7 6. Be3 d6 7. Qd2 Nf6 8. f3
O-O 9. g4 Be6 10. O-O-O Nxd4 11. Bxd4 Qa5 12. Kb1 Rfc8 13. h4 Rxc3 14. Qxc3
Qxa2+ 15. Kc1 Bxg4 16. fxg4 Qa1+ 17. Kd2 Nxe4+ 18. Ke1 Nxc3 19. Rxa1 Bxd4 20.
Rc1 Ne4 21. c3 Bc5 22. Rh2 d5 23. Bg2 f5 24. gxf5 gxf5 25. Rd1 e6 26. c4 Nf2
27. Rb1 Bd6 28. Kxf2 Bxh2 29. cxd5 e5 30. Bh3 Rf8 31. Ra1 a6 32. Kg2 Bf4 33.
Kf3 Bh6 34. Re1 e4+ 35. Kf2 Kg7 36. Rd1 Kf6 37. d6 Ke5 38. d7 Rd8 39. Ke2 f4
40. Kf2 f3 41. Rg1 a5 42. Rd1 Bg5 43. Kg3 b6 44. h5 Be7 45. Bg4 Bg5 46. Re1
Bf4+ 47. Kf2 Bd2 48. Rd1 Kf4 49. Bxf3 Be3+ 50. Kg2 exf3+ 51. Kh3 f2 52. Kg2
Rg8+ 53. Kh2 Kf3 54. Kh3 Ke2 0-1

[Event "NAYCC U18"]
[Site "Windsor CAN"]
[Date "2016.08.11"]
[Round "9.13"]
[White "Song, Terry"]
[Black "Yaskolko, Alexander"]
[Result "1-0"]
[WhiteElo "2208"]
[BlackElo "1735"]
[PlyCount "63"]
[EventDate "2016.08.07"]
[EventType "swiss"]
[EventRounds "9"]
[EventCountry "CAN"]

1. e4 c5 2. Nc3 d6 3. f4 g6 4. Nf3 Bg7 5. Bc4 e6 6. O-O Ne7 7. d3 O-O 8. Bb3 d5
9. Qe1 a6 10. a4 b6 11. Qh4 dxe4 12. dxe4 Nec6 13. Qf2 Nd4 14. Be3 Nxb3 15.
cxb3 Nc6 16. Rad1 Qc7 17. e5 Bb7 18. Nd2 Rad8 19. Nc4 Ba8 20. Nd6 f6 21. exf6
Bxf6 22. Nde4 Bg7 23. Qg3 e5 24. Rxd8 Qxd8 25. Ng5 exf4 26. Rxf4 Rxf4 27. Qxf4
Nd4 28. Qf7+ Kh8 29. Qc4 Qe7 30. Nf7+ Kg8 31. Nh6+ Kh8 32. Qg8# 1-0

[Event "NAYCC U18"]
[Site "Windsor CAN"]
[Date "2016.08.11"]
[Round "9.14"]
[White "Dommalapati, Abhinay"]
[Black "Nguyen, Trung"]
[Result "1-0"]
[WhiteElo "1832"]
[BlackElo "2153"]
[PlyCount "107"]
[EventDate "2016.08.07"]
[EventType "swiss"]
[EventRounds "9"]
[EventCountry "CAN"]

1. d4 d6 2. c4 g6 3. Nc3 Bg7 4. e4 Nf6 5. Nf3 O-O 6. Be2 e5 7. O-O Nc6 8. d5
Ne7 9. b4 Nh5 10. Re1 a5 11. Ba3 f5 12. c5 Nf4 13. Nd2 fxe4 14. Ndxe4 dxc5 15.
bxc5 Nexd5 16. Bc4 c6 17. Nd6 Qg5 18. g3 Nh3+ 19. Kg2 Rxf2+ 20. Kh1 Bg4 21.
Nxd5 cxd5 22. Qxd5+ Kh8 23. Rf1 e4 24. Nf7+ Rxf7 25. Qxf7 Bf3+ 26. Rxf3 exf3
27. Re1 Qd8 28. Qxf3 Qd4 29. Be6 Rf8 30. Qe3 Qa4 31. Bxh3 Bd4 32. Qb3 Qc6+ 33.
Bg2 Qf6 34. Rf1 Qe7 35. Rxf8+ Qxf8 36. Bb2 Qxc5 37. Bxd4+ Qxd4 38. h3 b6 39.
Qf7 Qc5 40. h4 Qd6 41. Kh2 Qd8 42. Bd5 a4 43. Qe6 Kg7 44. Qe5+ Kh6 45. Qg5+
Qxg5 46. hxg5+ Kxg5 47. a3 h5 48. Kh3 Kf5 49. Bc6 g5 50. Bxa4 h4 51. gxh4 gxh4
52. Kxh4 Ke4 53. Bb5 Kf4 54. a4 1-0

[Event "NAYCC U18"]
[Site "Windsor CAN"]
[Date "2016.08.11"]
[Round "9.15"]
[White "Sowa, Aidan"]
[Black "Mathews, Jeremy"]
[Result "1-0"]
[WhiteElo "1910"]
[BlackElo "1701"]
[PlyCount "94"]
[EventDate "2016.08.07"]
[EventType "swiss"]
[EventRounds "9"]
[EventCountry "CAN"]

1. d4 Nf6 2. c4 g6 3. Nc3 Bg7 4. e4 d6 5. Nf3 O-O 6. Be2 Bg4 7. O-O Nc6 8. Be3
Nd7 9. d5 Bxf3 10. gxf3 Ncb8 11. Qd2 e5 12. f4 exf4 13. Bxf4 f5 14. exf5 Rxf5
15. Bg4 Rf8 16. Ne4 Qh4 17. h3 Ne5 18. Bg5 Qxg4+ 19. hxg4 Nf3+ 20. Kg2 Nxd2 21.
Bxd2 Nd7 22. Ng5 Bh6 23. Ne4 Bxd2 24. Nxd2 Rae8 25. Rfe1 Ne5 26. f3 Nd3 27.
Rxe8 Rxe8 28. Ne4 Nxb2 29. Nf6+ Kf7 30. Nxe8 Kxe8 31. Rb1 Nxc4 32. Rxb7 Ne3+
33. Kg3 Nxd5 34. Rxa7 Kd7 35. f4 Ke6 36. a4 c5 37. Rxh7 c4 38. a5 c3 39. a6 Nb6
40. Rc7 d5 41. Rxc3 Kd6 42. a7 d4 43. Rb3 Na8 44. Rb8 d3 45. Rd8+ Kc7 46. Rxd3
Nb6 47. Ra3 Kb7 1-0

[Event "National Capital op"]
[Site "Ottawa CAN"]
[Date "2016.10.28"]
[Round "1"]
[White "Demchenko, Svitlana"]
[Black "Zhou, Qiyu"]
[Result "1-0"]
[WhiteElo "2003"]
[BlackElo "2239"]
[PlyCount "167"]
[EventDate "2016.10.28"]
[EventType "swiss"]
[EventRounds "5"]
[EventCountry "CAN"]

1. e4 c5 2. Nf3 d6 3. d4 cxd4 4. Nxd4 Nf6 5. Nc3 Nc6 6. Be2 g6 7. Be3 Bg7 8.
O-O O-O 9. Kh1 d5 10. exd5 Nb4 11. d6 Qxd6 12. Ncb5 Qb8 13. c4 Bd7 14. Qe1 Nc6
15. Rd1 Rd8 16. f4 a6 17. Nc3 Ng4 18. Nxc6 bxc6 19. Bxg4 Bxg4 20. Rxd8+ Qxd8
21. Na4 Qd3 22. b3 Rd8 23. h3 Bf5 24. Bb6 Rd6 25. Nc5 Qc2 26. Qxe7 Bf8 27. Qe8
Qxa2 28. Re1 Qd2 29. Nb7 Bd7 30. Qe3 Qxe3 31. Rxe3 Rd1+ 32. Kh2 Bh6 33. Kg3 Rf1
34. Bc7 g5 35. fxg5 Bxg5 36. Rf3 Re1 37. h4 Be7 38. Bd6 Kf8 39. Bxe7+ Kxe7 40.
Nc5 Bc8 41. Kf2 Re5 42. Re3 Rxe3 43. Kxe3 Kf6 44. Kf4 a5 45. g3 Bf5 46. Nb7 a4
47. bxa4 Bd3 48. Nd8 Bxc4 49. Nxc6 Ke6 50. a5 Kd6 51. Ne5 Bd5 52. Kf5 Kc5 53.
Kf6 Kb5 54. Nxf7 Kxa5 55. Ng5 h6 56. Nf7 h5 57. Ne5 Bb3 58. Kg5 Bd1 59. Ng6 Kb5
60. Nf4 Kc5 61. Nxh5 Kd6 62. Nf6 Ke6 63. h5 Kf7 64. h6 Bc2 65. Nd5 Kg8 66. g4
Kh7 67. Nf6+ Kh8 68. Kf4 Bg6 69. Ke5 Bc2 70. g5 Bg6 71. Nd7 Kg8 72. Kf6 Be8 73.
Nb6 Kh7 74. Nd5 Bg6 75. Ne7 Be8 76. Nf5 Bg6 77. Ng7 Bc2 78. Nf5 Bb3 79. g6+ Kh8
80. Nd6 Kg8 81. h7+ Kh8 82. Nf7+ Bxf7 83. gxf7 Kxh7 84. f8=R 1-0

[Event "National Capital op"]
[Site "Ottawa CAN"]
[Date "2016.10.28"]
[Round "1"]
[White "Pacey, Kevin"]
[Black "Donev, Danail"]
[Result "1/2-1/2"]
[WhiteElo "2161"]
[BlackElo "1945"]
[PlyCount "64"]
[EventDate "2016.10.28"]
[EventType "swiss"]
[EventRounds "5"]
[EventCountry "CAN"]

1. d4 Nf6 2. Nc3 d5 3. Bg5 Nbd7 4. Qd3 g6 5. O-O-O Bg7 6. e4 dxe4 7. Nxe4 Nxe4
8. Qxe4 Nf6 9. Bxf6 Bxf6 10. h4 c6 11. Bc4 Bf5 12. Qe3 O-O 13. h5 b5 14. Bb3 a5
15. hxg6 Bxg6 16. a3 Qd6 17. Nf3 a4 18. Ba2 b4 19. Ne5 e6 20. Nc4 Qe7 21. axb4
Qxb4 22. c3 Qb5 23. Nd6 Qg5 24. g3 Qxe3+ 25. fxe3 Bg5 26. Rhe1 Rfb8 27. Nc4 Bh5
28. Rd2 Bf3 29. Ne5 Bd5 30. c4 Be4 31. Nd3 Be7 32. Rf1 Bg5 1/2-1/2

[Event "National Capital op"]
[Site "Ottawa CAN"]
[Date "2016.10.28"]
[Round "2"]
[White "Donev, Danail"]
[Black "Doubleday, William"]
[Result "0-1"]
[WhiteElo "1945"]
[BlackElo "2028"]
[PlyCount "72"]
[EventDate "2016.10.28"]
[EventType "swiss"]
[EventRounds "5"]
[EventCountry "CAN"]

1. e4 c5 2. Nf3 Nc6 3. d4 cxd4 4. Nxd4 Qb6 5. Nb3 Nf6 6. Nc3 e6 7. Bd3 Be7 8.
Be3 Qc7 9. f4 d6 10. O-O a6 11. Qf3 O-O 12. Rae1 Nb4 13. Qg3 Nd7 14. f5 Bf6 15.
Kh1 Ne5 16. Bd4 Nbc6 17. Be3 Nb4 18. Bf4 Bd7 19. Nd4 Kh8 20. Nf3 Qa5 21. Rd1
Rad8 22. a3 Nbxd3 23. cxd3 Bc6 24. fxe6 fxe6 25. Ng5 Rde8 26. d4 Ng6 27. Nxe6
Rxe6 28. d5 Bh4 29. Qg4 Ref6 30. g3 Bb5 31. Nxb5 Qxb5 32. Rc1 Qd3 33. gxh4
Qxe4+ 34. Kg1 Nxf4 35. Rf2 Nh3+ 36. Qxh3 Rxf2 0-1

[Event "National Capital op"]
[Site "Ottawa CAN"]
[Date "2016.10.29"]
[Round "2"]
[White "Villeneuve, Robert"]
[Black "Pacey, Kevin"]
[Result "0-1"]
[WhiteElo "1986"]
[BlackElo "2161"]
[PlyCount "78"]
[EventDate "2016.10.28"]
[EventType "swiss"]
[EventRounds "5"]
[EventCountry "CAN"]

1. c4 c6 2. g3 d5 3. Nf3 Nf6 4. Bg2 dxc4 5. O-O Nbd7 6. Na3 Nb6 7. Qc2 Be6 8.
Ng5 Qd7 9. b3 cxb3 10. axb3 Bg4 11. Nc4 Nxc4 12. Qxc4 Bh5 13. Bb2 e6 14. Ra5
Nd5 15. Rfa1 a6 16. Bd4 Be7 17. Nf3 Bxf3 18. Bxf3 O-O 19. e4 Nf6 20. Bc3 c5 21.
d4 cxd4 22. Qxd4 Rfd8 23. Qe3 Qd3 24. Re1 Rac8 25. Bxf6 Qxe3 26. Rxe3 gxf6 27.
e5 Rd7 28. exf6 Bxf6 29. Ra4 Rc2 30. Rc4 Rxc4 31. bxc4 b6 32. Kf1 Rd2 33. Re2
Rd3 34. Bb7 a5 35. Re4 Rd2 36. Re2 Rd1+ 37. Re1 Rxe1+ 38. Kxe1 a4 39. Kd2 a3
0-1

[Event "National Capital op"]
[Site "Ottawa CAN"]
[Date "2016.10.29"]
[Round "2"]
[White "Yao, Sammy"]
[Black "Demchenko, Svitlana"]
[Result "1-0"]
[WhiteElo "2083"]
[BlackElo "2003"]
[PlyCount "87"]
[EventDate "2016.10.28"]
[EventType "swiss"]
[EventRounds "5"]
[EventCountry "CAN"]

1. c4 c5 2. g3 Nf6 3. Bg2 e6 4. Nf3 Nc6 5. Nc3 d5 6. cxd5 exd5 7. d4 Be7 8.
dxc5 d4 9. Na4 Bf5 10. O-O Ne4 11. b4 d3 12. exd3 Nf6 13. b5 Nb4 14. Ne5 Nxd3
15. Nxd3 Qxd3 16. Bxb7 Rd8 17. Bc6+ Nd7 18. Qxd3 Bxd3 19. Re1 Kf8 20. Ba3 Nb8
21. Nc3 Bf6 22. Rac1 Nxc6 23. bxc6 Rc8 24. c7 Bxc3 25. c6+ Kg8 26. Rxc3 Bf5 27.
Rce3 h6 28. Bd6 Kh7 29. Ra3 Ra8 30. f4 h5 31. Re5 g6 32. Kf2 Rhc8 33. Ke3 a6
34. Kd4 Re8 35. Rxe8 Rxe8 36. Rxa6 Re4+ 37. Kc5 Re2 38. Kb6 Rb2+ 39. Ka7 Rxh2
40. Kb7 Rb2+ 41. Rb6 Rxa2 42. c8=Q Bxc8+ 43. Kxc8 Rc2 44. c7 1-0

[Event "National Capital op"]
[Site "Ottawa CAN"]
[Date "2016.10.29"]
[Round "3"]
[White "Demchenko, Svitlana"]
[Black "Donev, Danail"]
[Result "1-0"]
[WhiteElo "2003"]
[BlackElo "1945"]
[PlyCount "33"]
[EventDate "2016.10.28"]
[EventType "swiss"]
[EventRounds "5"]
[EventCountry "CAN"]

1. e4 c5 2. Nf3 d6 3. d4 cxd4 4. Nxd4 Nf6 5. Nc3 a6 6. Bg5 e6 7. Be2 Be7 8. O-O
O-O 9. Kh1 Nbd7 10. f4 Qc7 11. Qe1 b5 12. Bf3 Bb7 13. e5 Bxf3 14. Nxf3 b4 15.
exf6 gxf6 16. Bh6 bxc3 17. Qg3+ 1-0

[Event "National Capital op"]
[Site "Ottawa CAN"]
[Date "2016.10.29"]
[Round "3"]
[White "Doubleday, William"]
[Black "Yao, Sammy"]
[Result "1-0"]
[WhiteElo "2028"]
[BlackElo "2083"]
[PlyCount "89"]
[EventDate "2016.10.28"]
[EventType "swiss"]
[EventRounds "5"]
[EventCountry "CAN"]

1. d4 d6 2. Nf3 g6 3. g3 Bg7 4. Bg2 Nd7 5. c3 Ngf6 6. Nbd2 c6 7. O-O O-O 8. e4
Qc7 9. Qe2 e5 10. Re1 Re8 11. h3 b5 12. a4 a6 13. dxe5 dxe5 14. Nb3 Bb7 15.
Nfd2 Rad8 16. Nf1 Nb6 17. Nc5 Nbd7 18. Nxb7 Qxb7 19. axb5 axb5 20. Be3 Nb6 21.
Nd2 Na4 22. Nb3 Nd7 23. Qc2 c5 24. Nd2 Qc6 25. b3 Nab6 26. Ra6 Ra8 27. Rea1 Qb7
28. R6a2 Qc6 29. Qb1 Rxa2 30. Rxa2 c4 31. bxc4 Nxc4 32. Nxc4 bxc4 33. Qb4 Rb8
34. Qa4 Rb1+ 35. Kh2 Qe6 36. Rd2 Nf8 37. Rd5 Qc8 38. Rc5 Qd8 39. Qxc4 Qd1 40.
h4 h5 41. Rc8 Qg4 42. Ra8 Rb2 43. Bc5 g5 44. Bxf8 Bxf8 45. Qc5 1-0

[Event "National Capital op"]
[Site "Ottawa CAN"]
[Date "2016.10.30"]
[Round "4"]
[White "Pacey, Kevin"]
[Black "Zhou, Qiyu"]
[Result "0-1"]
[WhiteElo "2161"]
[BlackElo "2239"]
[PlyCount "44"]
[EventDate "2016.10.28"]
[EventType "swiss"]
[EventRounds "5"]
[EventCountry "CAN"]

1. d4 Nf6 2. c4 e6 3. Nc3 Bb4 4. e3 O-O 5. Nge2 d5 6. a3 Be7 7. cxd5 exd5 8.
Nf4 a5 9. Be2 Re8 10. O-O Na6 11. b3 c6 12. Bb2 Nc7 13. Na4 Ne6 14. Nxe6 Bxe6
15. Nc5 Bc8 16. Qc2 Bd6 17. g3 h5 18. Rfe1 b6 19. Na4 Bd7 20. Bd3 Ne4 21. Nc3
Ng5 22. Qe2 Bg4 0-1

[Event "National Capital op"]
[Site "Ottawa CAN"]
[Date "2016.10.30"]
[Round "4"]
[White "Yao, Sammy"]
[Black "Simic, Dusan"]
[Result "0-1"]
[WhiteElo "2083"]
[BlackElo "2133"]
[PlyCount "74"]
[EventDate "2016.10.28"]
[EventType "swiss"]
[EventRounds "5"]
[EventCountry "CAN"]

1. c4 Nf6 2. g3 g6 3. Bg2 Bg7 4. Nc3 d6 5. e4 O-O 6. Nge2 e5 7. O-O Nc6 8. d3
Nh5 9. Nd5 Ne7 10. Bg5 f6 11. Be3 c6 12. Nxe7+ Qxe7 13. f4 Bg4 14. Qd2 f5 15.
Nc3 fxe4 16. dxe4 exf4 17. gxf4 Bh6 18. b3 Rf7 19. h3 Be6 20. Ne2 Raf8 21. Rad1
Qd7 22. Kh2 Rd8 23. Qd3 Qc7 24. e5 d5 25. cxd5 Bxd5 26. Bxd5 Rxd5 27. Qe4 Qd8
28. Rxd5 cxd5 29. Qd4 Ng7 30. Qxa7 Nf5 31. Bf2 d4 32. Bxd4 Qd5 33. Qc5 Qe4 34.
Rf2 Nxd4 35. Qxd4 Bxf4+ 36. Rxf4 Rxf4 37. Qd8+ Rf8 0-1

[Event "National Capital op"]
[Site "Ottawa CAN"]
[Date "2016.10.30"]
[Round "5"]
[White "Marin, Sam"]
[Black "Doubleday, William"]
[Result "1/2-1/2"]
[WhiteElo "2027"]
[BlackElo "2028"]
[PlyCount "50"]
[EventDate "2016.10.28"]
[EventType "swiss"]
[EventRounds "5"]
[EventCountry "CAN"]

1. Nf3 d5 2. d4 Nf6 3. Bf4 e6 4. e3 Bd6 5. Nbd2 O-O 6. Bd3 c5 7. Bxd6 Qxd6 8.
c3 Nc6 9. O-O e5 10. dxe5 Nxe5 11. Nxe5 Qxe5 12. Nf3 Qc7 13. c4 dxc4 14. Bxc4
b6 15. Qe2 Bb7 16. Rfd1 Rfd8 17. Ng5 Bd5 18. Bxd5 Rxd5 19. Rxd5 Nxd5 20. Qd3
Nf6 21. Rd1 Re8 22. Qd6 Qxd6 23. Rxd6 h6 24. Nh3 Rc8 25. Nf4 Kf8 1/2-1/2

[Event "National Capital op U1900"]
[Site "Ottawa CAN"]
[Date "2016.10.30"]
[Round "5"]
[White "Kearnan, Daniel"]
[Black "Ju, Lawrence"]
[Result "1-0"]
[WhiteElo "1875"]
[BlackElo "1750"]
[PlyCount "73"]
[EventDate "2016.10.28"]
[EventType "swiss"]
[EventRounds "5"]
[EventCountry "CAN"]

1. c4 e5 2. g3 f5 3. Bg2 Nf6 4. Nc3 Bc5 5. a3 a5 6. e3 Nc6 7. Nge2 d6 8. O-O e4
9. d3 exd3 10. Qxd3 Ne5 11. Qc2 O-O 12. b3 c6 13. Bb2 Be6 14. Rad1 Qe7 15. Nd4
Bxd4 16. exd4 Ng6 17. Rfe1 Qd7 18. d5 cxd5 19. Rxe6 Qxe6 20. Nxd5 Ne7 21. Nc7
Qd7 22. Nxa8 Rxa8 23. Bxf6 gxf6 24. Qd2 Rd8 25. Qxa5 Nc6 26. Bd5+ Kh8 27. Qd2
Ne5 28. Qh6 Qe7 29. Qe3 Re8 30. Re1 Qd7 31. Kg2 Re7 32. Qc3 f4 33. f3 Rg7 34.
c5 fxg3 35. hxg3 Qf5 36. cxd6 Nd3 37. Re8+ 1-0

[Event "Nouvel An"]
[Site "Gatineau CAN"]
[Date "2016.01.05"]
[Round "1"]
[White "Raymond, Daniel"]
[Black "Danilov, Alex"]
[Result "1/2-1/2"]
[WhiteElo "1678"]
[BlackElo "1786"]
[PlyCount "146"]
[EventDate "2016.01.05"]
[EventType "swiss"]
[EventRounds "5"]
[EventCountry "CAN"]

1. e4 c5 2. Nf3 e6 3. d4 cxd4 4. Nxd4 Nc6 5. Nc3 Qc7 6. Be2 a6 7. O-O Nf6 8. a4
Be7 9. Be3 O-O 10. Nb3 b6 11. f4 d6 12. Bf3 Bb7 13. Qe2 Rac8 14. Qf2 Nd7 15. g4
Nc5 16. Rac1 Nb4 17. Kh1 Nxb3 18. cxb3 Nd3 19. Qg1 Nxc1 20. Bxb6 Qb8 21. Rxc1
Qa8 22. Bd4 Rxc3 23. Rxc3 Bxe4 24. Qg2 Bxf3 25. Qxf3 Qxf3+ 26. Rxf3 Rc8 27. Rc3
Rb8 28. Rc7 Bf6 29. Bc3 d5 30. g5 d4 31. Bd2 Bd8 32. Rd7 f6 33. Rxd4 fxg5 34.
fxg5 Kf7 35. Rd7+ Kg6 36. Bc3 Bxg5 37. Rxg7+ Kf5 38. Rxh7 e5 39. Rd7 Re8 40.
Rd5 Bf4 41. Bd2 Ke6 42. Rd3 e4 43. Rd4 Ke5 44. Rd7 e3 45. Be1 Ke4 46. Kg2 Rg8+
47. Bg3 Rg6 48. b4 Rf6 49. Bxf4 Rxf4 50. b5 axb5 51. a5 Rf2+ 52. Kg1 Rxb2 53.
Re7+ Kd3 54. a6 Rb1+ 55. Kg2 Ra1 56. Kf3 Rf1+ 57. Kg2 Rf2+ 58. Kg1 Ra2 59. a7
b4 60. h4 b3 61. Rb7 Kc2 62. Rc7+ Kd2 63. Rd7+ Ke1 64. Rb7 b2 65. Rxb2 Rxa7 66.
Kg2 Rf7 67. Rb1+ Kd2 68. Rb2+ Kd3 69. Rb3+ Kd4 70. Rb2 Kc3 71. Ra2 Rd7 72. Kf3
Rh7 73. Kxe3 Rxh4 1/2-1/2

[Event "Nouvel An"]
[Site "Gatineau CAN"]
[Date "2016.01.12"]
[Round "2"]
[White "Arsenault, Michel"]
[Black "Villeneuve, Luc"]
[Result "1-0"]
[WhiteElo "1843"]
[BlackElo "1628"]
[PlyCount "105"]
[EventDate "2016.01.05"]
[EventType "swiss"]
[EventRounds "5"]
[EventCountry "CAN"]

1. c4 e5 2. g3 d5 3. cxd5 Qxd5 4. Nf3 Bb4 5. Bg2 e4 6. Ng1 Nc6 7. a3 Ba5 8. b4
Bb6 9. Nc3 Qd4 10. e3 Qe5 11. Bxe4 Nf6 12. Bg2 Bg4 13. f3 Be6 14. Nge2 O-O-O
15. Qa4 Bc4 16. f4 Qe8 17. O-O Bxe2 18. Bxc6 bxc6 19. Nxe2 Ne4 20. Qc2 f5 21.
d4 Qe6 22. a4 a5 23. bxa5 Bxa5 24. Rb1 Rd5 25. Rd1 g5 26. fxg5 Nxg5 27. Nf4 Qd7
28. Qb3 Bb6 29. Nxd5 cxd5 30. a5 Nh3+ 31. Kg2 f4 32. exf4 Re8 33. axb6 Re2+ 34.
Kf1 Rf2+ 35. Ke1 Rxh2 36. Rd3 Rh1+ 37. Kd2 Rh2+ 38. Kd1 Qg4+ 39. Rf3 Nf2+ 40.
Ke1 Qe6+ 41. Re3 Ne4 42. bxc7 Rh1+ 43. Ke2 Qg4+ 44. Kd3 Nf2+ 45. Kc3 Nd1+ 46.
Kb4 Qd7 47. Ka3 Qd6+ 48. Ka2 Qa6+ 49. Ba3 Rh2+ 50. Ka1 Nxe3 51. Qb8+ Kd7 52.
Qd8+ Kc6 53. c8=Q+ 1-0

[Event "Nouvel An"]
[Site "Gatineau CAN"]
[Date "2016.01.12"]
[Round "2"]
[White "Desjardins, Michel"]
[Black "Raymond, Daniel"]
[Result "1/2-1/2"]
[WhiteElo "1906"]
[BlackElo "1678"]
[PlyCount "79"]
[EventDate "2016.01.05"]
[EventType "swiss"]
[EventRounds "5"]
[EventCountry "CAN"]

1. e4 c5 2. c3 e6 3. d4 d5 4. e5 Nc6 5. Nf3 Be7 6. a3 Bd7 7. b4 cxd4 8. cxd4 a6
9. Bd3 Rc8 10. O-O Qb6 11. Bc2 Na7 12. Be3 Bb5 13. Re1 Qc7 14. Bb3 Bc4 15. Bxc4
Qxc4 16. Nbd2 Qc2 17. Qxc2 Rxc2 18. Rec1 Rc6 19. Nb3 b6 20. Bd2 Nh6 21. Bxh6
gxh6 22. Rxc6 Nxc6 23. Rc1 Kd7 24. Nbd2 Rc8 25. Kf1 f6 26. exf6 Bxf6 27. Nb3
Rc7 28. Ke1 e5 29. dxe5 Nxe5 30. Rxc7+ Kxc7 31. Nxe5 Bxe5 32. Ke2 Kc6 33. Kd3
Kb5 34. Nd4+ Ka4 35. Nc2 Kb3 36. g3 Bf6 37. f4 h5 38. h3 h6 39. g4 b5 40. f5
1/2-1/2

[Event "Nouvel An"]
[Site "Gatineau CAN"]
[Date "2016.01.12"]
[Round "2"]
[White "Gagnon, Fabien"]
[Black "Thibault, Mario"]
[Result "1-0"]
[WhiteElo "1936"]
[BlackElo "1776"]
[PlyCount "99"]
[EventDate "2016.01.05"]
[EventType "swiss"]
[EventRounds "5"]
[EventCountry "CAN"]

1. f4 g6 2. Nf3 Bg7 3. d4 c5 4. c3 cxd4 5. cxd4 Nf6 6. Nc3 O-O 7. e4 d5 8. e5
Ne8 9. h3 f6 10. Qb3 Nc7 11. Be2 Nc6 12. O-O Rb8 13. Be3 Be6 14. Nb5 Na5 15.
Qb4 Nxb5 16. Qxb5 a6 17. Qb4 Nc6 18. Qd2 Qd7 19. Rad1 b5 20. Nh2 Rbc8 21. g4
Rf7 22. a4 Qb7 23. axb5 axb5 24. f5 fxe5 25. fxe6 Rxf1+ 26. Rxf1 e4 27. g5 b4
28. Ng4 b3 29. Nh6+ Bxh6 30. gxh6 Nd8 31. Bg4 Rc2 32. Qe1 Qc7 33. Rf2 Qg3+ 34.
Kf1 Qc7 35. Rxc2 bxc2 36. Qc3 Qh2 37. Qd2 Qc7 38. Kg2 Qc4 39. Qc3 Qxc3 40. bxc3
Nc6 41. Kg3 Na5 42. Kf4 Nc4 43. Bc1 Kf8 44. Be2 Nd6 45. Ke5 Nf5 46. Kxd5 Ng3
47. Bb5 Nf5 48. c4 e3 49. c5 g5 50. Bd3 1-0